Health, culture and society

Bibliographic Details
Format: Electronic Journal
Language:English
Published: Pittsburgh, Pa. : University Library System, University of Pittsburgh
Subjects:
Online Access:Full text available from Research Library: 01/01/2013 to 01/31/2015

MARC

LEADER 00000nas a2200000 a 4500
001 ssj0000627584
003 WaSeSS
005 20200512172242.0
006 m d
007 cr n
008 110527c20119999pauuu p s | a0eng
010 |a  2011202823 
016 7 |a 2643452-0  |2 DE-600 
016 7 |a 101613470  |2 DNLM 
022 |a 2161-6590 
035 |a (WaSeSS)ssj0000627584 
037 |b University Library System, University of Pittsburgh, 7500 Thomas Boulevard, Pittsburgh, PA 15260 
040 |a DLC  |b eng  |c DLC  |d HEBIS  |d PFM  |d OCLCO  |d DLC  |d OCLCQ  |d NLM  |d OCLCF  |d CUS  |d OCLCO  |d OCLCQ  |d OCLCO  |d CUS  |d OCLCQ  |d NTG  |d OCLCO  |d OCLCA  |d WaSeSS 
042 |a pcc  |a nsdp 
050 1 4 |a RA418 
060 1 0 |a W1 
082 0 0 |a 306  |2 23 
130 0 |a Health, culture and society (Pittsburgh, Pa.) 
222 0 |a Health, culture and society  |b (Pittsburgh, Pa.) 
245 1 0 |a Health, culture and society  |h [electronic resource]. 
260 |a Pittsburgh, Pa. :  |b University Library System, University of Pittsburgh 
362 1 |a Began with vol. 1, no. 1 (2011). 
506 |a License restrictions may limit access. 
588 |a Description based on: Vol. 1, no. 1 (2011); title from journal home page (publisher's Web site, viewed Aug. 20, 2012). 
588 |a Latest issue consulted: Vol. 4, no. 1 (2013) (viewed Aug. 16, 2013). 
650 0 |a Social medicine  |v Periodicals. 
650 1 2 |a Social Medicine. 
650 7 |a Social medicine.  |2 fast  |0 (OCoLC)fst01122637 
655 0 |a Electronic journals. 
856 4 0 |z Full text available from Research Library: 01/01/2013 to 01/31/2015  |u https://search.proquest.com/publication/2029662